000 00699nam a22002177a 4500
005 20251108165032.0
008 250721s1993 xx 000 0 ara d
082 1 4 _a362.409565/خطي
100 1 _aالخطيب، عبد الله
245 1 0 _aالعمل التطوعي و رعاية المعوقين في الأردن /
264 1 _aعمان :
_bلجنة تاريخ الأردن،
_c1993.
300 _a32ص.
490 0 _aالكتاب الأم في تاريخ الأردن ؛ 16
650 1 7 _aالمعوقون
650 1 7 _aالرعاية
650 1 7 _aالإصلاح
650 1 7 _aالأردن
650 1 7 _aالخدمات الإجتماعية
942 _2ddc
_cBK
999 _c20521
_d20521